000 00664nam a2200205Ia 4500
003 GCL
008 140319s9999 xx 000 0 ara d
040 _aGCL /
_cGCL
082 0 4 _a254
_bع م
100 1 _aعبدالله ابراهيم
245 1 0 _aالمرأة ورسالة التغيير /
_cعبدالله ابراهيم
250 _aالاولى
260 _aبيروت :
_bدار الكلمة الطيبة ،
_c1992
300 _a159 ص ؛
_c24 سم
650 0 4 _aالمرأة
650 0 4 _aالمرأة فى الحياة العامة
650 0 4 _aالمرأة المسلمة
650 0 4 _aالرعاية الاجتماعية
942 _2ddc
_cBK
999 _c43619
_d43619